Architectural design of cross banking management system /
Saved in:
| 主要作者: | |
|---|---|
| 格式: | Thesis 图书 |
| 语言: | English |
| 出版: |
2005.
|
| 主题: | |
| 标签: |
添加标签
没有标签, 成为第一个标记此记录!
|
| LEADER | 00892cam a2200229 a 4500 | ||
|---|---|---|---|
| 001 | u745928 | ||
| 003 | SIRSI | ||
| 005 | 200709250854 | ||
| 008 | 061002s2005 my a t 000 0 eng m | ||
| 040 | |a UMM | ||
| 090 | |a QA76.758 |b UM 2005 Mah | ||
| 100 | 0 | |a Maheswaran Supramaniam. | |
| 245 | 1 | 0 | |a Architectural design of cross banking management system / |c Maheswaran a/l Supramaniam. |
| 260 | |c 2005. | ||
| 300 | |a xv, 178 leaves : |b ill. ; |c 30 cm. | ||
| 502 | |a Dissertation (M.Softw.Eng.) -- Fakulti Sains Komputer dan Teknologi Maklumat, Universiti Malaya, 2005. | ||
| 504 | |a Bobliography: leaves 176-178. | ||
| 650 | 0 | |a Bank management |x Computer programs. | |
| 710 | 2 | |a Universiti Malaya. |b Fakulti Sains Komputer dan Teknologi Maklumat. | |
| 596 | |a 1 | ||
| 900 | |a SK | ||
| 999 | |a QA76.758 UM 2005 MAH |w LC |c 1 |i A511939227 |d 20/3/2009 |e 20/3/2009 |f 25/9/2007 |g 1 |l STACKS |m P01UTAMA |n 1 |r Y |s Y |t TESIS |u 25/9/2007 | ||
